| 000 | 00963cam a22003137a 4500 | ||
|---|---|---|---|
| 003 | CHAP | ||
| 005 | 20220329142638.0 | ||
| 008 | 020731d2001 es ad r 00110 spa d | ||
| 010 | _a86016 | ||
| 011 | _a86988 | ||
| 020 | _a8475561217 | ||
| 035 | _a97529 | ||
| 040 | _cCHAP | ||
| 082 | 0 | 4 |
_a530.12 _bA7 |
| 100 | 0 | 0 |
_aArtús, Pau. _97780 |
| 245 | 1 | 0 |
_aMecánica cuántica _c/por Pau Artús y Ramón Crehuet |
| 260 |
_aBarcelona : _bOcéano, _c2001 |
||
| 300 |
_a190 p. : _bilus. ; gráfs. ; tablas |
||
| 590 |
_aBATCH-UPD _b10 _c20130110 _lUCH01 _h0450 |
||
| 590 |
_aBATCH-UPD _b10 _c20130410 _lUCH01 _h0127 |
||
| 590 |
_aBATCH-UPD _b10 _c20130914 _lUCH01 _h0415 |
||
| 590 |
_aCONVERSION _b10 _c20130109 _lUCH01 _h1348 |
||
| 650 | 1 | 4 |
_aTeoría cuántica. _9112307 |
| 700 | 0 |
_aCrehuet, Ramón. _928883 |
|
| 901 | _aBK | ||
| 905 | _aMarco A. Mendoza T. | ||
| 942 | _cLIBRO | ||
| 949 |
_a530.12 A7 _bBC _cLIBRO _d33724000869962 _eLIBRO _gI.c/e _h102861 _i97529 _sex _t$129.00 |
||
| 999 |
_c86016 _d86016 |
||